000 00585nam a2200205Ia 4500
003 OSt
005 20260305162437.0
008 210210b1926 xxu||||| |||| 00| 0 eng d
040 _cAL
041 _aHindi
082 _a863/112
100 _aWilliam Shakespeare
_dविलियम शेक्सपियर
_9257894
245 _aOthello
_b ओथेलो
260 _aIllAhAbAd
_b-
_c1926
650 _aOthello
_9257895
690 _aHindi Drama
_9257896
700 _aLALA (Sitaram
_dलाला (सीताराम) tr
_9257897
906 _a023489
942 _2ddc
_cBK
999 _c148459
_d148459